Australia goes to Washington (Record no. 350999)
[ view plain ]
| 000 -LEADER | |
|---|---|
| fixed length control field | 00647nam a2200121Ia 4500 |
| 008 - FIXED-LENGTH DATA ELEMENTS--GENERAL INFORMATION | |
| fixed length control field | 171212s9999 xx 000 0 und d |
| 020 ## - INTERNATIONAL STANDARD BOOK NUMBER | |
| International Standard Book Number | 9781760460785 |
| 245 ## - TITLE STATEMENT | |
| Statement of responsibility, etc | editor Lowe, David;Lee, David;Bridge, Carl |
| Title | Australia goes to Washington |
| Remainder of title | 75 years of Australian representation in the United States, 1940–2015 |
| 260 ## - PUBLICATION, DISTRIBUTION, ETC. (IMPRINT) | |
| Name of publisher, distributor, etc | ANU E Press |
| Date of publication, distribution, etc | 2016 |
| 650 ## - SUBJECT ADDED ENTRY--TOPICAL TERM | |
| Topical term or geographic name as entry element | Diplomatic and consular service, Australian -- United States; Ambassadors -- Australia -- History; Diplomacy -- History; Australia -- Foreign relations -- United States; United States -- Foreign relations -- Australia |
| 650 ## - SUBJECT ADDED ENTRY--TOPICAL TERM | |
| Topical term or geographic name as entry element | History |
| 856 ## - ELECTRONIC LOCATION AND ACCESS | |
| Uniform Resource Identifier | <a href="http://jstor.org/stable/j.ctt1q1crhz">http://jstor.org/stable/j.ctt1q1crhz</a> |
| Withdrawn status | Lost status | Damaged status | Home library | Current library | Date acquired | Total Checkouts | Date last seen | Price effective from | Koha item type |
|---|---|---|---|---|---|---|---|---|---|
| College Library | College Library | 12/12/2017 | 12/12/2017 | 12/12/2017 | Curriculum - Based eBooks |